| 000 | 004500000a22001570004500 | ||
|---|---|---|---|
| 003 | MACL | ||
| 005 | 20170701123210.0 | ||
| 008 | 170701b xxu||||| |||| 00| 0 eng d | ||
| 040 | _cmacl | ||
| 100 |
_aचमोला,डॉं.दिनेश _967954 |
||
| 245 | _aप्रतिनिधि बाल कहानियॉं | ||
| 260 | _c1998 | ||
| 350 | _a300 | ||
| 650 |
_aबाल पुस्तक _967955 |
||
| 942 |
_cHIN _k741.642 _2ddc |
||
| 999 |
_c9191 _d9191 |
||